000
00204 a2200097 4500
001
1474
100
_a
Morrow, L.C
245
_a
Mainenince engg hand bool
260
_a
_b
Mcgrawhill
_c
090
_c
1017
_d
1017
942
_a
NUST-CAE
_c
M
_c
192
999
_c
236547
_d
236547